000 00433nam a2200133Ia 4500
008 100328s9999 xx 000 0 und d
082 _b60186
100 _aजागीदार गजानान.
245 _aअभिनय कसा करावा.
260 _bइंडिया बुक
630 _aअभिनय कसा करावा.
730 _aअभिनय कसा करावा.
942 _cBOOK
999 _c546351
_d546348